1038 1640 1602 1008 1801 1765 1899 1917 1949 1628 1171 1245 1271 1932 1366 1514 1089 1243 1335 1680 1157 1339 1116 1601 1515 1616 1783 1175 1199 1865 1556 1970 1533 1337 1464 1005 1462 1678 1600 1643 1507 1801 1119 1344 1082 1884 1588 1283 1065 1989 1638 1150 1337 1677 1106 1051 1578 1903 1827 1016 1456 1547 1753 1163 1452 1348 1146 1188 1326 1421 1185 1045 1324 1461 1195 1060 1377 1695 1439 1949 1010 1981 1795 1641 1034 1554 1534 1982 1547 1010 1920 1394 1679 1426 1948 1009 1671 1114 1158 BCNSPRNW ULIB Ver.6.0+V

เปลี่ยนเป็นภาษาไทย

Change to English
 แสดงรายละเอียดบรรณานุกรม
  กลับหน้าหลัก

Brief Record : Get Marc (ISO 2709) : E-mail record : QR code < ปิดหน้าต่าง
LEADER : 00000nam 2200000uu 4500
001    13399128557
003     ULIB
008    230906s2565||||th 000 0 tha d
020    ^a9786168012291
060    ^aWY154^bศ499ส
100    ^aศิริอร สินธุ,บรรณาธิการ
245    ^aสาระหลักการพยาบาลฉุกเฉิน = Principle and practice in emergency nursing
250    ^aพิมพ์ครั้งที่ 1
260    ^aนนทบุรี :^bสภาการพยาบาล,^c2565
300    ^a218 หน้า;^b30 ซม.
650    ^aการพยาบาลฉุกเฉิน
945    ^p0^l0^i29740
945    ^p0^l0^i29741
945    ^p0^l0^i29742
945    ^p0^l0^i29743
945    ^p0^l0^i29744
999    ^aกัณชพร จุลอักษร
รายการนี้ยังไม่มีแท็ก
คุณยังไม่ได้ล็อกอิน คุณสามารถมีกิจกรรมร่วมกับเว็บไซต์ได้ แต่ต้องล็อกอินก่อน ::
  ล็อกอิน

รายการสื่อสารสนเทศ

ลำดับที่ ประเภท เลขเรียก/บาร์โค้ด สถานที่ สถานะ
1. หนังสือสำรอง
หนังสือสำรอง
WY154 ศ499ส ฉ.1 
  Barcode: 29740
ห้องสมุดวิทยาเขตนครสวรรค์
►หนังสือทั่วไป:l:General Books
บนชั้น
2. วิทยาศาสตร์การแพทย์ และสุขภาพ
วิทยาศาสตร์การแพทย์ และสุขภาพ
WY154 ศ499ส ฉ.2 
  Barcode: 29741
ห้องสมุดวิทยาเขตนครสวรรค์
►หนังสือทั่วไป:l:General Books
บนชั้น
3. วิทยาศาสตร์การแพทย์ และสุขภาพ
วิทยาศาสตร์การแพทย์ และสุขภาพ
WY154 ศ499ส ฉ.3 
  Barcode: 29742
ห้องสมุดวิทยาเขตนครสวรรค์
►หนังสือทั่วไป:l:General Books
บนชั้น
4. วิทยาศาสตร์การแพทย์ และสุขภาพ
วิทยาศาสตร์การแพทย์ และสุขภาพ
WY154 ศ499ส ฉ.4 
  Barcode: 29743
ห้องสมุดวิทยาเขตนครสวรรค์
►หนังสือทั่วไป:l:General Books
บนชั้น
5. วิทยาศาสตร์การแพทย์ และสุขภาพ
วิทยาศาสตร์การแพทย์ และสุขภาพ
WY154 ศ499ส ฉ.5 
  Barcode: 29744
ห้องสมุดวิทยาเขตนครสวรรค์
►หนังสือทั่วไป:l:General Books
บนชั้น

รายการใกล้เคียง
    ชื่อเรื่อง [สาระหลักการพยาบาลฉุกเฉิน = Principle and practice in emergency nursing]

    ผู้แต่ง [ศิริอร สินธุ,บรรณาธิการ]

    หัวเรื่อง [การพยาบาลฉุกเฉิน]

BibComment


ยังไม่เคยถูกคอมเมนท์

คอมเมนท์ทรัพยากรรายการนี้
  คอมเมนท์: สาระหลักการพยาบา..


 Copyright 2026. Bcnsprnw @Library